| 000 -LEADER |
| fixed length control field |
00744cam a2200241 a 4500 |
| 003 - CONTROL NUMBER IDENTIFIER |
| control field |
OSt |
| 005 - DATE AND TIME OF LATEST TRANSACTION |
| control field |
20240110134030.0 |
| 008 - FIXED-LENGTH DATA ELEMENTS--GENERAL INFORMATION |
| fixed length control field |
030725s2004 at ac r 001 0 eng d |
| 020 ## - INTERNATIONAL STANDARD BOOK NUMBER |
| International Standard Book Number |
1876907916 |
| 035 ## - SYSTEM CONTROL NUMBER |
| System control number |
3085552 |
| 040 ## - CATALOGING SOURCE |
| Original cataloging agency |
ANL |
| Language of cataloging |
eng |
| Modifying agency |
NSL |
| Transcribing agency |
DLC |
| 082 00 - DEWEY DECIMAL CLASSIFICATION NUMBER |
| Classification number |
720.922 |
| Edition number |
22 |
| Item number |
ROB |
| 245 00 - TITLE STATEMENT |
| Title |
1000 architects K-Z / |
| Statement of responsibility, etc |
[editor, Robyn Beaver]. |
| 246 3# - VARYING FORM OF TITLE |
| Title proper/short title |
One thousand architects |
| 260 ## - PUBLICATION, DISTRIBUTION, ETC. (IMPRINT) |
| Place of publication, distribution, etc |
Mulgrave, Vic., Australia : |
| Name of publisher, distributor, etc |
Images Pub. Group, |
| Date of publication, distribution, etc |
2004. |
| 300 ## - PHYSICAL DESCRIPTION |
| Extent |
2 v. (579 p.) : |
| Other physical details |
ill. (some col.), ports. (some col.) ; |
| Dimensions |
24 cm. |
| 500 ## - GENERAL NOTE |
| General note |
Includes indexes. |
| 505 0# - FORMATTED CONTENTS NOTE |
| Formatted contents note |
v. 1 (A-J) -- v. 2 (K-Z). |
| 650 #0 - SUBJECT ADDED ENTRY--TOPICAL TERM |
| Topical term or geographic name as entry element |
Architectural firms |
| Form subdivision |
Directories. |
| 650 #0 - SUBJECT ADDED ENTRY--TOPICAL TERM |
| Topical term or geographic name as entry element |
Architects |
| Form subdivision |
Directories. |
| 700 1# - ADDED ENTRY--PERSONAL NAME |
| Personal name |
Beaver, Robyn. |
| 942 ## - ADDED ENTRY ELEMENTS (KOHA) |
| Source of classification or shelving scheme |
|